000 00598nam a2200193Ia 4500
003 GCL
008 140319s9999 xx 000 0 ara d
040 _aGCL /
_cGCL
082 0 4 _a811.01
_bا ع
100 1 _aاميل ناصيف
245 1 0 _aعمر بن ابى ربيعة /
_cاميل ناصيف
260 _a[S.N] :
_bجروس برس ،
_c1992
300 _a144 ص
490 _aالعشاق العرب احلى قصصهم واجمل اشعارهم
_v0
650 0 4 _aالشعر العربى
650 0 4 _aالشعر الغزلى
650 0 4 _aدواوين وقصائد
942 _2ddc
_cBK
999 _c56154
_d56154